Personaggi menzionati di più in Harry Potter - Statistics

Statistiche generali
  • Questo quiz è stato fatto 2.330 volte
  • Il punteggio medio è 38 su 100
Statistiche sulle risposte
# Nome Personaggio % Corretto
18,956 Harry Potter
100%
5,486 Hermione Granger
95%
6,464 Ron Weasley
93%
2,421 Albus Silente
92%
1,797 Voldemort
91%
1,198 Draco Malfoy
88%
1,956 Severus Piton
88%
2,024 Rubeus Hagrid
82%
1,471 Sirius Black
82%
771 Ginny Weasley
81%
920 Fred Weasley
80%
821 George Weasley
79%
249 Lucius Malfoy
76%
190 James Potter
75%
810 Neville Paciock
75%
127 Lily Potter
72%
356 Luna Lovegood
72%
770 Minerva Mcgranitt
71%
864 Remus Lupin
71%
220 Bellatrix Lestrange
70%
469 Dobby
69%
486 Codaliscia o Peter Minus
66%
722 Molly Weasley
64%
353 Cedric Diggory
61%
780 Arthur Weasley
60%
426 Percy Weasley
55%
302 Bill Weasley
53%
215 Cho Chang
53%
637 Dolores Umbridge
53%
89 Narcissa Malfoy
53%
583 Alastor Moody
51%
242 Nymphadora Tonks
50%
110 Charlie Weasley
48%
467 Dudley Dursley
48%
258 Fleur Delacour
48%
314 Petunia Dursley
47%
530 Vernon Dursley
47%
204 Edvige
45%
432 Horace Lumacorno
45%
277 Viktor Krum
40%
119 Mirtilla Malcontenta
39%
212 Dean Thomas
38%
179 Seamus Finnigan
37%
262 Sibilla Cooman
35%
208 Oliver Baston
34%
136 Fierobecco
33%
122 Quirinus Raptor
33%
123 Nick Quasi Senza Testa
31%
493 Cornelius Caramell
29%
141 Lavanda Brown
28%
162 Grattastinchi
27%
79 Aberforth Silente
26%
288 Argus Gazza
26%
312 Kreacher
25%
75 Fiorenzo
24%
63 Godric Grifondoro
24%
70 Salazar Serpeverde
24%
228 Gregory Goyle
23%
90 Pomona Sprite
22%
188 Rita Skeeter
21%
224 Vincent Tiger
21%
124 Xenophilius Lovegood
21%
64 Fanny
20%
109 Lee Jordan
20%
133 Calì Patil
19%
165 Igor Karkaroff
19%
164 Pix
19%
135 Angelina Johnson
18%
77 Colin Canon
18%
117 Garrick Ollivander
18%
140 Filius Vitious
17%
116 Katie Bell
17%
68 Pansy Parkinson
17%
162 Winky
17%
140 Unci Unci
16%
76 Amos Diggory
14%
75 Grop
14%
147 Mundungus Fletcher
14%
156 Madama Chips
13%
246 Ludo Bagman
12%
112 Madame Maxime
12%
73 Marge Dursley
12%
73 Gellert Grindelwald
11%
106 Kingsley Shacklebolt
11%
105 Thor
11%
295 Barty Crouch Sr.
10%
77 Bathilda Bath
10%
102 Fenrir Greyback
10%
153 Rufus Scrimgeour
9%
72 Signora Grassa
9%
92 Ernie Macmillan
8%
62 Elphias Doge
7%
60 Leotordo
7%
68 Orvoloson Gaunt
7%
85 Stan Picchetto
7%
73 Cormac McLaggen
6%
89 Phineas Nigellus Black
6%
63 Morfin Gaunt
5%
63 Frank Bryce
4%
68 Bob Ogden
3%
Nessun quiz corrispondente trovato
Distribuzione punteggi
Percentuale di utenti per punteggio
Percentile per numero di risposta
I tuoi punteggi nel tempo
Non hai fatto questo quiz